00765 a2200193 4500003000400000005001700004008004100021020001800062040000900080082001700089100002600106245008000132260004900212300001400261500007400275942004000349952016500389999001700554OSt20250718154259.0250704b |||||||| |||| 00| 0 eng d a9789390620036 coclc a620.5bPUR/N aPuri, Nitin K.910605 aNanomaterials: bSynthesis, Properties and Applications /cDr. Nitin K Puri aNew Delhi:bIK International Pvt Ltd, c2021 a382 pages aNanomaterials, nanotechnology, nanoscale synthesis, materials science 2ddccBKh620.5iPUR/Nk620.5mPUR/N 00102ddc40708 Engineering & allied operations aMESbMEScCHEd2025-07-04l2m1o620.5 PUR/Np46071r2026-01-14 16:37:33s2025-12-17w2025-07-04yBKzGL29R4 c44608d44608